| 000 | 00355nam a2200133Ia 4500 | ||
|---|---|---|---|
| 008 | 231017s9999 xx 000 0 und d | ||
| 082 | _a388.11 | ||
| 082 | _bMAH | ||
| 245 | 0 | _aIncorporating Weather Impacts in Traffic Estimation and Prediction Systems | |
| 245 | 0 | _cHani S. Mahmassani | |
| 260 | _bHani S. Mahmassani | ||
| 300 | _c30cm | ||
| 942 | _cREP | ||
| 999 |
_c604314 _d604314 |
||